| 000 | 00963nam a2200241 a 4500 | ||
|---|---|---|---|
| 005 | 20210219160216.0 | ||
| 008 | 080925s1990 mx r 000 0 spa d | ||
| 035 | _aUPN01000160984 | ||
| 049 | _aUNE | ||
| 080 | _a37.014. 53 (7/8) CAS. | ||
| 100 | 1 | _aCasassus, Juan | |
| 245 | 1 | 0 |
_aCrisis y democracia : _bdeterminantes de la gestión educativa en América Latina en los 90 / _cJuan Casassus. |
| 260 |
_aSantiago de Chile : _bOREALC, _c1990. |
||
| 300 | _a30 p. | ||
| 440 | 0 | _aED-90/CONF-401/COL-13 | |
| 500 | _aIncluye bibliografía. | ||
| 690 | _aPlanificacion de la educacion- America Latina | ||
| 690 | _aDemocratizacion de la educacion- America Latina | ||
| 690 | _aAmerica Latina- Democratizacion de la educacion | ||
| 710 | 2 | _aOREALC. Oficina Regional de Educación de la UNESCO para América Latina y el Caribe | |
| 711 | 2 | _aCongreso Internacional "Planeamiento y Gestión del Desarrollo de la Educación", 1990 : México. | |
| 905 | _aUNESCO | ||
| 999 |
_c133097 _d133097 |
||